Detalles MARC
| 000 -CABECERA |
| Longitud fija campo de control |
01438nam a22004097u 4500 |
| 003 - • IDENTIFICADOR DELl NÚMERO DE CONTROL |
| Identificador del número de control |
SpMaBN |
| 005 - • FECHA Y HORA DE LA ÚLTIMA TRANSACCIÓN |
| Fecha y hora de la última transacción |
20260128162232.0 |
| 007 - • CAMPO FIJO DE DESCRIPCIÓN FÍSICA |
| Campo fijo de descripción física |
ta |
| 008 - • CÓDIGOS DE INFORMACIÓN DE LONGITUD FIJA |
| Códigos de información de longitud fija |
240911s2024 sp a 000 1 spa |
| 017 ## - NÚMERO DE COPYRIGHT O DE DEPÓSITO LEGAL |
| Número de copyright o de depósito legal |
B 17777-2023 |
| Agencia que asigna el número |
Oficina Depósito Legal Barcelona |
| 020 ## - • NÚMERO INTERNACIONAL NORMALIZADO PARA LIBROS |
| Número Internacional Normalizado para Libros (ISBN) |
9788448867904 |
| 040 ## - FUENTE DE LA CATALOGACIÓN |
| Centro catalogador de origen |
SpMaBN |
| Lengua de catalogación |
spa |
| Centro transcriptor |
SpMaBN |
| Normas de descripción |
rda |
| 041 1# - • CÓDIGO DE LENGUA |
| Código de lengua del texto/banda sonora o título independiente |
español |
| Código de lengua original |
eng |
| 044 ## - CÓDIGO DEL PAÍS DE LA ENTIDAD EDITORA/PRODUCTORA |
| Código MARC del país |
sp |
| -- |
cc |
| 080 ## - NÚMERO DE LA CLASIFICACIÓN DECIMAL UNIVERSAL |
| Número de la Clasificación Decimal Universal |
087.5:82 |
| 084 ## - • Clasificación Local Alfanúmerica PNLB |
| Número de clasificación |
C PIG |
| 245 00 - • TITULO PROPIAMENTE DICHO |
| Título |
Pequeña biblioteca de buenas noches |
| Mención de responsabilidad, etc. |
traducción, Berta Martín |
| 250 ## - • MENCIÓN DE EDICIÓN |
| Mención de edición |
Primera edición: junio de 2024 |
| 264 #1 - PRODUCCIÓN, PUBLICACIÓN , DISTRIBUCIÓN, FABRICACIÓN Y COPYRIGHT |
| Lugar de producción, publicación, distribución, fabricación |
[Barcelona] |
| Nombre del productor, editor, distribuidor, fabricante |
Beascoa |
| Fecha de de producción, publicación, distribución, fabricación o copyright |
[2024] |
| 264 #1 - PRODUCCIÓN, PUBLICACIÓN , DISTRIBUCIÓN, FABRICACIÓN Y COPYRIGHT |
| Lugar de producción, publicación, distribución, fabricación |
China |
| Nombre del productor, editor, distribuidor, fabricante |
[fabricante no identificado] |
| Fecha de de producción, publicación, distribución, fabricación o copyright |
[2024] |
| 264 #4 - PRODUCCIÓN, PUBLICACIÓN , DISTRIBUCIÓN, FABRICACIÓN Y COPYRIGHT |
| Fecha de de producción, publicación, distribución, fabricación o copyright |
©2024 |
| 300 ## - • DESCRIPCIÓN FÍSICA |
| Extensión |
4 volúmenes |
| Otras características físicas |
ilustraciones (color) |
| Dimensiones |
10 cm |
| 336 ## - TIPO DE CONTENIDO |
| Término de tipo de contenido |
Texto |
| -- |
Imagen fija |
| Fuente |
rdacontent |
| Código de tipo de contenido |
txt |
| 337 ## - TIPO DE MEDIO |
| Nombre del tipo de medio |
sin mediación |
| Fuente |
rdamedia |
| Código del tipo de medio |
n |
| 338 ## - TIPO DE SOPORTE |
| Nombre del tipo de soporte |
volumen |
| Fuente |
rdacarrier |
| Código del tipo de soporte |
nc |
| 490 0# - • MENCIÓN DE SERIE |
| Mención de serie |
Peppa Pig |
| 500 ## - • NOTA GENERAL |
| Nota general |
Guardado en estuche |
| 500 ## - • NOTA GENERAL |
| Nota general |
Título tomado del estuche |
| 505 0# - • NOTA DE CONTENIDO CON FORMATO |
| Nota de contenido con formato |
[1.] La hora del baño (10 páginas sin numerar) -- [2.] La hora del cuento (10 páginas sin numerar) -- [3.] La hora de dormir (10 páginas sin numerar) -- [4.] La hora de soñar (10 páginas sin numerar) |
| 650 ## - • PUNTO DE ACCESO ADICIONAL DE MATERIA - TÉRMINO DE MATERIA |
| Fuente del encabezamiento o término |
LEMB |
| 655 #7 - • TÉRMINO DE INDIZACIÓN - GÉNERO/FORMA |
| Datos o término principal de género/forma |
Cuentos infantiles |
| Fuente del término |
tgfbne |
| 9 (RLIN) |
41091 |
| 655 #7 - • TÉRMINO DE INDIZACIÓN - GÉNERO/FORMA |
| Datos o término principal de género/forma |
Libros ilustrados |
| Fuente del término |
tgfbne |
| 655 #7 - • TÉRMINO DE INDIZACIÓN - GÉNERO/FORMA |
| Datos o término principal de género/forma |
Libros infantiles |
| Fuente del término |
tgfbne |
| 710 2# - • PUNTO DE ACCESO ADICIONAL - NOMBRE DE ENTIDAD |
| Nombre de entidad o nombre de jurisdicción como elemento inicial |
Beascoa |
| Término indicativo de función |
entidad responsable |
| 942 ## - ENTRADA DE ELEMENTOS AGREGADOS (KOHA) |
| Fuente de clasificaión o esquema |
Dewey Decimal Classification |
| Koha [por defecto] tipo de item |
Literatura Infantil |